Análisis constructivo y económico de la represa del proyecto hidroeléctrico de Boruca

Bewaard in:
Bibliografische gegevens
Hoofdauteur: Retana Zamora, Walter
Formaat: Onbekend
Gepubliceerd in: [San José, Costa Rica] 1979
Onderwerpen:
Tags: Voeg label toe
Geen labels, Wees de eerste die dit record labelt!

MARC

LEADER 00000 a2200000 4500
003 001052
005 20221231143737.0
008 140114s1979 crua m 000 ||s d
040 |c cru CEDI 
090 |a TFG 873 
100 |a Retana Zamora, Walter  |9 16187 
245 |a Análisis constructivo y económico de la represa del proyecto hidroeléctrico de Boruca 
260 |c 1979  |a [San José, Costa Rica] 
300 |a  [83] hojas : ilustraciones (algunas plegables) ; 28 cm  
500 |a  Tesis (ingeniero civil)--Universidad de Costa Rica.  
650 |x INSTITUTO COSTARRICENSE DE ELECTRICIDAD.. PROYECTO HIDROELECTRICO DE BORUCA  |9 16188 
942 |c TFG 
999 |c 11154  |d 11154